000 01349nam a2200337 a 4500
001 000004948
003 DO-SdBNP
005 20260205125624.0
008 090728s2001 dr r 000 0 spa d
020 _a9993410012
040 _aDO-SdBNP
_bspa
_cBNPHU
082 4 _a364.97293
_bM827cr
_222
100 1 _aMora, Wilfredo,
_d1965-
_912701
245 1 0 _aCriminología y violencia urbana :
_b(un análisis de la criminología y de la violencia urbana en República Dominicana) /
_cWilfredo Mora.
246 1 4 _aCriminología y violencia urbana
260 _aSanto Domingo :
_bBúho,
_c2001.
300 _a113 p. ;
_c21 cm.
490 1 _aPensamiento criminológico dominicano
_v1
490 1 _aEstudios criminológicos
500 _aIncluye referencias bibliográficas y notas al pie de las páginas.
504 _aBibliografía : p. 109-113.
590 _aInventariado, 2018/BT
650 0 _aCriminología
_zRepública Dominicana
_917089
650 4 _aViolencia
_zRepública Dominicana
_912703
650 4 _aPrevención del delito
_zRepública Dominicana
_912704
650 4 _aInseguridad (problema social)
_912706
651 4 _aRepública Dominicana
_xProblemas Sociales
_912705
830 0 _aPensamiento criminológico dominicano ;
_pEstudios criminológicos
_v1
_912707
910 _aValidado. Control de calidad. MMOLINA
942 _2ddc
_cLBS1
999 _c4754
_d4754